000 00405nam a22001577a 4500
003 CEME
005 20210628205121.0
008 210226b xxu||||| |||| 00| 0 eng d
020 _a0-13-048893-3
040 _c.
082 _a006.3 RAU'A
245 _aArtificial intelligence in business science and industry
260 _aNEW JERSCY
_bPRENTICE HALL
_c1986
300 _aXVIII, 331P
942 _cBK
_2ddc
999 _c579593
_d579593